Practical public relations : (Record no. 17358)
[ view plain ]
| 000 -LEADER | |
|---|---|
| fixed length control field | 00851nam a2200277 a 4500 |
| 001 - CONTROL NUMBER | |
| control field | 17358 |
| 003 - CONTROL NUMBER IDENTIFIER | |
| rucl marc code | BD-RjUL |
| 005 - DATE AND TIME OF LATEST TRANSACTION | |
| control field | 20211209000127.0 |
| 008 - FIXED-LENGTH DATA ELEMENTS--GENERAL INFORMATION | |
| fixed length control field | 140216s1983 nju 001 0 eng |
| 020 ## - INTERNATIONAL STANDARD BOOK NUMBER | |
| International Standard Book Number | 0136935230 (pbk.) |
| International Standard Book Number | 0136935311 (hard) |
| 035 ## - SYSTEM CONTROL NUMBER | |
| System control number | (BD-RjUL)17416 |
| 040 ## - CATALOGING SOURCE | |
| Original cataloging agency | DLC |
| Transcribing agency | DLC |
| Modifying agency | BD-RjUL |
| Language of cataloging | eng |
| 041 ## - LANGUAGE CODE | |
| Language code of text/sound track or separate title | eng |
| 082 00 - DEWEY DECIMAL CLASSIFICATION NUMBER | |
| Classification number | 659.2 |
| Edition number | 19 |
| Author mark and year | BLP 1983 |
| 100 1# - MAIN ENTRY--PERSONAL NAME | |
| Personal name | Black, Sam |
| Dates associated with a name | 1915- |
| 9 (RLIN) | 53495 |
| 245 10 - TITLE STATEMENT | |
| Title | Practical public relations : |
| Remainder of title | common-sense guidelines for business and professional people / |
| Statement of responsibility, etc. | Sam Black, Melvin L. Sharpe. |
| 260 ## - PUBLICATION, DISTRIBUTION, ETC. (IMPRINT) | |
| Place of publication, distribution, etc. | Englewood Cliffs ; N.J. : |
| Name of publisher, distributor, etc. | Prentice Hall, |
| Date of publication, distribution, etc. | c1983. |
| 300 ## - PHYSICAL DESCRIPTION | |
| Pagination | ix, 214 p. ; |
| Size | 23 cm. |
| 504 ## - BIBLIOGRAPHY, ETC. NOTE | |
| Bibliography, etc | Includes index. |
| 650 #0 - SUBJECT ADDED ENTRY--TOPICAL TERM | |
| Topical term or geographic name as entry element | Public relations. |
| 9 (RLIN) | 53496 |
| 700 1# - ADDED ENTRY--PERSONAL NAME | |
| Personal name | Sharpe, Melvin L. |
| 942 ## - ADDED ENTRY ELEMENTS (KOHA) | |
| Source of classification or shelving scheme | Dewey Decimal Classification |
| Koha item type | Books |
| Lost status | Source of classification or shelving scheme | Damaged status | Not for loan | Collection code | Permanent Location | Current Location | Shelving location | Date acquired | Source of acquisition | Total Checkouts | Full call number | Date last seen | Copy number | Koha item type |
|---|---|---|---|---|---|---|---|---|---|---|---|---|---|---|
| Dewey Decimal Classification | Not For Loan | Non-fiction | Central Library, University of Rajshahi | Central Library, University of Rajshahi | Reading Room | 24/11/1993 | Asia foundation | 659.2 BLP 1983 | 16/02/2014 | C-1 | Books |